000 00860nam a2200253Ia 4500
008 130821s1995 sp gr spa
020 _a842931153x
040 _aCo-BoUCM
_bspa
041 0 0 _aspa
100 1 _aCaspar, Robert
_9161606
245 1 0 _aPara una visión cristiana del Islam
_cRobert Caspar; traducción de Ricardo Sanchís Cueto
260 _aBilbao (Vizcaya, España)
_bEditorial Sal Terrae
_c1995
300 _a253 páginas
490 _aColección Presencia Teológica
_v80.
504 _aIncluye bibliografía
650 0 4 _aCorán
_911987
650 0 4 _aIslamismo
_918035
650 0 4 _aMahometanos
_918872
650 0 4 _aMoral islámica
_919757
700 1 _aSanchis CUETO, Ricardo.
_etrad.
_9161607
765 1 0 _tPour un regard chrétien sus l' islam.
942 _cLIBRO
_a4
_e1
_mC342p
_2DEWEY
_h297
999 _c44629
_d44629